Physics Of Waves And Oscillations (Record no. 38997)

MARC details
000 -LEADER
fixed length control field 00484nam a2200193Ia 4500
008 - FIXED-LENGTH DATA ELEMENTS--GENERAL INFORMATION
fixed length control field 220531s9999 xx 000 0 und d
041 ## - LANGUAGE CODE
Language code of text/sound track or separate title eng
082 ## - DEWEY DECIMAL CLASSIFICATION NUMBER
Classification number -
Item number BAJ
100 ## - MAIN ENTRY--PERSONAL NAME
Personal name Bajaj, N. K.
9 (RLIN) 69531
245 ## - TITLE STATEMENT
Title Physics Of Waves And Oscillations
250 ## - EDITION STATEMENT
Edition statement 1ST
260 ## - PUBLICATION, DISTRIBUTION, ETC. (IMPRINT)
Place of publication, distribution, etc. New Delhi
Name of publisher, distributor, etc. McGraw-Hill
Date of publication, distribution, etc. 2014
300 ## - PHYSICAL DESCRIPTION
Extent 432
542 ## - INFORMATION RELATING TO COPYRIGHT STATUS
Copyright holder 03-02-2015
551 ## -
-- Science
-- Non-grant-SCI
650 ## - SUBJECT ADDED ENTRY--TOPICAL TERM
Topical term or geographic name as entry element Physics
9 (RLIN) 69532
906 ## - LOCAL DATA ELEMENT F, LDF (RLIN)
d 2014-2015
f 4460
Holdings
Withdrawn status Lost status Source of classification or shelving scheme Damaged status Not for loan Collection code Home library Current library Date acquired Vendor Cost, normal purchase price Total Checkouts Total Holds Full call number Barcode Date last seen Date last checked out Bill Date Koha item type Original Barcode
    Dewey Decimal Classification       Shri Siddhivinayak Mahila Mahavidyalaya Shri Siddhivinayak Mahila Mahavidyalaya 30/01/2015 Ved 499.00 1 1 -/BAJ/B/20465 SSMM-BK-20465 29/04/2025 10/02/2025 06/08/2022 Books 010020465